00625 a2200193 4500003000500000005001700005010001300022020001500035040000900050082001500059100002000074245007200094250002200166260003300188300003000221505009600251600002000347650006400367Nust20230125103808.0 a48007942 a0806503645 cNust a892.78,GIB aGibran, Kahlil, aSpirits rebellious : bTranslanted from the Arabic /cKahlil Gibran a1st American ed.] aA. A. Knopf,bNew Yorkc1948 aix, 139 p.;billusc22 cm aMadame Rose Hanie (Page-1), The Cry of The Graves (Page-29), Khalil The Heretic (Page-47).  aGibran, Kahlil, aSpirits rebellious; tr. from the Arabic, and with an introd